Nong you ji shu / (Record no. 12934)

MARC details
000 -LEADER
fixed length control field 00896cam a2200277 i 4500
001 - CONTROL NUMBER
control field c 67001248
003 - CONTROL NUMBER IDENTIFIER
control field DLC
005 - DATE AND TIME OF LATEST TRANSACTION
control field 20260227111036.0
008 - FIXED-LENGTH DATA ELEMENTS--GENERAL INFORMATION
fixed length control field 030729s1952 cc 000 0 chi
010 ## - LIBRARY OF CONGRESS CONTROL NUMBER
LC control number c 67001248
035 ## - SYSTEM CONTROL NUMBER
System control number (CStRLIN)DCLP03-B10744
040 ## - CATALOGING SOURCE
Original cataloging agency DLC
Transcribing agency DLC-R
Modifying agency DLC-R
-- DLC
043 ## - GEOGRAPHIC AREA CODE
Geographic area code a-ch---
050 00 - LIBRARY OF CONGRESS CALL NUMBER
Classification number S517.C5
Item number H7
066 ## - CHARACTER SETS PRESENT
Alternate G0 or G1 character set $1
100 1# - MAIN ENTRY--PERSONAL NAME
Linkage 880-01
Personal name Xu, Jianying.
245 10 - TITLE STATEMENT
Linkage 880-02
Title Nong you ji shu /
Statement of responsibility, etc. Xu jianying bian zhu.
260 ## - PUBLICATION, DISTRIBUTION, ETC.
Linkage 880-03
Place of publication, distribution, etc. Beijing :
Name of publisher, distributor, etc. Zhonghua shu ju,
Date of publication, distribution, etc. 1952.
300 ## - PHYSICAL DESCRIPTION
Extent 104 p. ;
Dimensions 17 cm.
440 #0 - SERIES STATEMENT/ADDED ENTRY--TITLE
Linkage 880-04
Title Shi yong nong ye xiao cong shu ;
Volume/sequential designation di 12 zhong
650 #0 - SUBJECT ADDED ENTRY--TOPICAL TERM
Topical term or geographic name entry element Agriculture
Form subdivision Handbooks, manuals, etc.
880 1# - ALTERNATE GRAPHIC REPRESENTATION
Linkage 100-01/$1
a 許劍英.
880 10 - ALTERNATE GRAPHIC REPRESENTATION
Linkage 245-02/$1
a 農友技術 /
c 許劍英編著.
880 ## - ALTERNATE GRAPHIC REPRESENTATION
Linkage 260-03/$1
a 北京 :
b 中華書局,
c 1952.
880 #0 - ALTERNATE GRAPHIC REPRESENTATION
Linkage 440-04/$1
a 實用農業小丛書 ;
v 第12種

No items available.

Powered by Koha